Tiempo literario /

Además de cuento y poesía; se en encuentran los siguientes artículos: A propósito de Goethe; Octavio Paz, poeta de los orígenes; Luis Cernuda, poeta del olvido.

Enregistré dans:
Détails bibliographiques
Autres auteurs: Navarro Sánchez, Adalberto (dirección) (dirección)
Format: Livre
Langue:espagnol
Sujets:
Tags: Ajouter un tag
Pas de tags, Soyez le premier à ajouter un tag!

MARC

LEADER 00000nam^a2200000^a^4500
001 000136129
005 20250521000000.0
009 20260310095308.331
037 |a Acervo ITESO - Biblioteca 
041 |a ESP 
082 |a 805.  |b NAV V. 1 
240 1 1 |a [Tiempo literario] 
245 0 0 |a Tiempo literario /  |c Dir. A. Navarro Sánchez. 
264 |a Guadalajara, México :  |b Tiempo Literario,  |c 1941 
300 |a 18 p. 
336 |a texto  |b txt  |2 rdacontenido 
337 |a sin mediación  |b n  |2 rdamedio 
338 |a volumen  |b nc  |2 rdasoporte 
520 |a Además de cuento y poesía; se en encuentran los siguientes artículos: A propósito de Goethe; Octavio Paz, poeta de los orígenes; Luis Cernuda, poeta del olvido. 
649 |a XX 
650 |a Poesía Mexicana -  |x Historia y Crítica 
650 |a Poesía Española -  |x Historia y Crítica 
650 |a Cuentos -  |x Historia y Crítica 
650 |a Literatura Mexicana -  |y Siglo XX 
650 |a Literatura Española -  |y Siglo XX 
650 |a Literatura Alemana -  |x Historia y Crítica 
650 |a Literatura Mexicana -  |x Historia y Crítica 
650 |a Literatura Española -  |x Historia y Crítica 
650 |a Literatura -  |x Publicaciones Periódicas Jaliscienses 
650 |a Literatura -  |x Publicaciones Periódicas Mexicanas 
650 |a Publicaciones Periódicas Jaliscienses 
650 |a Publicaciones Periódicas Mexicanas 
700 |a Navarro Sánchez, Adalberto  |e (dirección) 
910 |a Fondo Salvador Reynoso Reynoso 
920 |a Impresos - Libros 
930 |a Fondos Especiales 
940 |a Literatura 
905 |a 112 
901 |a 0800013527  |b IT2  |c ESP  |u 20250521 
902 |a https://opac.biblio.iteso.mx/vufind/Record/000136129